|
|
|
|
| LEADER |
01587nam a2200433 4500 |
| 001 |
ocn861649064 |
| 003 |
OCoLC |
| 005 |
20180501122014.0 |
| 006 |
m o d |
| 007 |
cr ||||||||||| |
| 008 |
130926s2014 ne o 000 0 eng d |
| 040 |
|
|
|a UKMGB
|b eng
|e pn
|c UKMGB
|d OCLCO
|d IDEBK
|d OPELS
|d N$T
|d OCLCF
|d OCLCQ
|d OCLCO
|d YDXCP
|d OCLCQ
|d OCLCO
|d OCLCQ
|d DEBBG
|d GrThAP
|
| 016 |
7 |
|
|a 016525904
|2 Uk
|
| 020 |
|
|
|a 9780124171633
|q (electronic bk.)
|
| 020 |
|
|
|a 012417163X
|q (electronic bk.)
|
| 020 |
|
|
|a 9780124171824
|q (electronic bk.)
|
| 020 |
|
|
|a 0124171826
|q (electronic bk.)
|
| 035 |
|
|
|a (OCoLC)861649064
|
| 050 |
|
4 |
|a QK45.2
|
| 072 |
|
7 |
|a SCI
|x 007000
|2 bisacsh
|
| 082 |
0 |
4 |
|a 572.862
|2 23
|
| 049 |
|
|
|a TEFA
|
| 245 |
0 |
0 |
|a Genomes of herbaceous land plants /
|c volume editor, Andrew Paterson.
|
| 264 |
|
1 |
|a Amsterdam :
|b Academic Press,
|c 2014.
|
| 300 |
|
|
|a 1 online resource.
|
| 336 |
|
|
|a text
|b txt
|2 rdacontent
|
| 337 |
|
|
|a computer
|b c
|2 rdamedia
|
| 338 |
|
|
|a online resource
|b cr
|2 rdacarrier
|
| 490 |
1 |
|
|a Advances in botanical research ;
|v v. 69
|
| 588 |
0 |
|
|a CIP data; resource not viewed.
|
| 650 |
|
0 |
|a Plant genomes.
|
| 650 |
|
0 |
|a Herbaceous plants.
|
| 650 |
|
7 |
|a SCIENCE
|x Life Sciences
|x Biochemistry.
|2 bisacsh
|
| 650 |
|
7 |
|a Herbaceous plants.
|2 fast
|0 (OCoLC)fst01749159
|
| 650 |
|
7 |
|a Plant genomes.
|2 fast
|0 (OCoLC)fst01065465
|
| 655 |
|
4 |
|a Electronic books.
|
| 700 |
1 |
|
|a Paterson, Andrew H.,
|d 1960-
|e editor.
|
| 830 |
|
0 |
|a Advances in botanical research ;
|v v. 69.
|
| 856 |
4 |
0 |
|u https://www.sciencedirect.com/science/bookseries/00652296/69
|z Full Text via HEAL-Link
|